000 02279nam0a2200373 4500
001 RU\NLR\BIBL_A\016351986
005 20250625052415.0
010 _a978-5-00179-301-4
_9500
021 _aRU
_b2023-18487
_9КН-П-1846
035 _a(RuMoRGB)011672893
035 _a(NLR Aleph) 016351986
090 _a13123908
_c13123908
100 _a20230421d2023 |||y0rusy50 ca
101 0 _arus
102 _aRU
105 _aa z 000zy
181 0 _ai
_baxxe
182 0 _an
200 1 _aФормирование системы планирования и прогнозирования бизнес-процессов в рамках обеспечения стратегии устойчивого развития организации
_eмонография
_fЗ. Н. Сташ, Ю. Н. Галицкая, М. В. Рыбянцева
_gМинистерство науки и высшего образования Российской Федерации, Федеральное государственное бюджетное образовательное учреждение высшего образования "Кубанский государственный технологический университет"
203 _aТекст
_bвизуальный
_cнепосредственный
210 _aКраснодар
_cКубанский государственный технологический университет
_d2023
215 _a117 с.
_cил., табл.
_d21
320 _aБиблиогр.: с. 110-117 (65 назв.)
606 1 _aПрогнозирование экономическое
_92094245
_3RU\NLR\AUTH\661267266
606 1 _aПредприятия
_xФинансовое планирование
_92264001
_3RU\NLR\AUTH\661357276
686 1 _aУ26(0)19
686 1 _aУ053.0
700 1 _aСташ
_bЗ. Н.
_cканд. экон. наук
_gЗарема Нурбиевна
_9186722
_3RU\NLR\AUTH\770186773
701 1 _aГалицкая
_bЮ. Н.
_cканд. экон. наук
_gЮлия Николаевна
_9186794
_3RU\NLR\AUTH\770186845
701 1 _aРыбянцева
_bМ. В.
_gМария Владимировна
942 _cBOOK
980 _aNB